000 00622nam a2200205 a 4500
001 21331
003 CO-ViMGA
008 141112s2004 ck r 000 u spa d
020 _a9584214063
040 _aCO-ViMGA
_bspa
_cCO-ViMGA
082 0 4 _a306.74 V155j
100 1 _aValle, Amir
_930425
245 1 0 _aJineteras
260 _aBogotá; Planeta,
_c2006
300 _a326
590 _aForma de adquisición : Compra fact. 0861 - - Precio : 36000 - - Proveedor : Temas y libros - - Fecha de adquisición : Mayo 2007
650 1 4 _aCUBA - CONDICIONES SOCIALES
_930426
650 1 4 _aPROSTITUCION
_912293
942 _2ddc
_cBK
999 _c29951
_d29951